| 000 | 01703nam2a22002891 4500 | ||
|---|---|---|---|
| 001 | v19\rc\1471924 | ||
| 005 | 20250618150634.0 | ||
| 035 | _a(NLR Aleph) 004607188 | ||
| 090 |
_a2864464 _c2864464 |
||
| 100 | _a20060620d1878 |||y0rusy50 ca | ||
| 101 | 0 | _arus | |
| 102 | _aRU | ||
| 105 | _ay z ||||| | ||
| 200 | 1 | _aСудопроизводство | |
| 210 |
_d1878 _aБ. м. |
||
| 215 | _aVI, 661-1266, XXXIV с. | ||
| 461 | 0 |
_1001v19\rc\1471922 _12001#$aСистематический сборник решений Гражданского кассационного департамента Правительствующего сената за 1875 год$fСост. А. Гожев (ст. пом. обер-секретаря Гражд. кассационного деп. Правительствующего сената). Т. 1-2$vТ. 2 _1700#1$aГожев$bА.К.$gАлександр Константинович$4220 _92864444 _aГожев, А. К. _cСанкт-Петербург _d1877-1878 _fСост. А. Гожев (ст. пом. обер-секретаря Гражд. кассационного деп. Правительствующего сената). Т. 1-2 _nтип. М. Стасюлевича _p2 т. _tСистематический сборник решений Гражданского кассационного департамента Правительствующего сената за 1875 год _vТ. 2 |
|
| 801 | 0 |
_aRU _bNLR _gpsbo |
|
| 801 | 0 |
_aRU _bRuMoRGB _2psbo |
|
| 801 | 1 |
_aRU _bProSoft-M _2rusmarc |
|
| 852 |
_aNLR _j18.46.3.10 |
||
| 899 |
_aRuMoRGB _jC 25/53 |
||
| 899 | _aБАН | ||
| 899 | _aНБ СПбГУ | ||
| 899 | _aНБ МГУ | ||
| 942 | _cBOOK | ||
| 980 | _aNB | ||